Hattat Hafız Osman Efendi : 1642-1698
محفوظ في:
المؤلف الرئيسي:
التنسيق: كتاب
اللغة: Undetermined
منشور في:
İstanbul
Neşreden Uzman laboratuarı : İbrahim Horoz basımevi,
1949
الوسوم: إضافة وسم
لا توجد وسوم, كن أول من يضع وسما على هذه التسجيلة!
رقم الطلب: (P)NC296 .O8 C5
| LEADER | 00358nam a2200121Ia 4500 | ||
|---|---|---|---|
| 008 | 240503s9999||||xx |||||||||||||| ||und|| | ||
| 050 | 4 | |a (P)NC296 .O8 C5 | |
| 100 | 1 | |a Kemal Çığ | |
| 245 | 1 | 0 | |a Hattat Hafız Osman Efendi : 1642-1698 |
| 264 | 1 | |a İstanbul |b Neşreden Uzman laboratuarı : İbrahim Horoz basımevi, |c 1949 | |
| 300 | |c 24 | ||
| 942 | |2 lcc |c PT | ||
| 999 | |c 58258 |d 58258 | ||
